Telefonický marketing Poradce pro úspěšnou telekomunikaci

Kontrola a analýza telefonických rozhovorov. Organizácia telefonickej služby Servis 130 mníchovskej firmy Alpenland, s.r.o. v SRN. Tipy a praktická pomoc pre pracovníkov telefonického marketingu.

Enregistré dans:
Détails bibliographiques
Format: Chapitre de livre
Langue:slovaque
Sujets:
Tags: Ajouter un tag
Pas de tags, Soyez le premier à ajouter un tag!

MARC

LEADER 00000naa a2200000 4500
001 r015439
005 20221213113914.9
041 0 |a slo 
044 |a SK 
245 1 0 |a Telefonický marketing  |b Poradce pro úspěšnou telekomunikaci 
520 |a Kontrola a analýza telefonických rozhovorov. Organizácia telefonickej služby Servis 130 mníchovskej firmy Alpenland, s.r.o. v SRN. Tipy a praktická pomoc pre pracovníkov telefonického marketingu. 
610 2 0 |a telemarketing 
610 2 0 |a Alpenland, s.r.o. Mníchov 
610 2 0 |a služby 
610 2 0 |a zákazníci 
610 2 0 |a telefón 
610 2 0 |a komunikácia